| 000 | 00349nam a2200133Ia 4500 | ||
|---|---|---|---|
| 008 | 240624s9999 xx 000 0 und d | ||
| 041 | _aeng | ||
| 082 | _a332.632 NIS | ||
| 100 | _aNATIONAL INSTITUTE OF SECURITIES MARKETS | ||
| 245 | _aSECURITIES MARKETS FOUNDATION | ||
| 260 |
_c2017 _aNew Delhi _bTaxmann |
||
| 300 | _a228 , p. | ||
| 365 |
_cRS _b30 |
||
| 999 |
_c28902 _d28902 |
||